000 00505nam a2200181Ia 4500
008 100920s9999 xx 000 0 und d
082 _b96424
_a23 थ 91
100 _aSIMMONS IAN.
245 _aCOMPUTER DICTIONARY.
260 _bBPB PUBLICATIONS , NEW DELHI.
_c1991
300 _a216
_bसाधी
365 _b36
520 _aकॉम्प्युटर.
630 _aCOMPUTER DICTIONARY.
650 _aकॉम्प्युटर.
730 _aCOMPUTER DICTIONARY.
942 _cBOOK
999 _c736864
_d736861